Miasta Polski powyżej 150k mieszkańców na mapie - Statystyki

Ogólne statystyki
  • Ten quiz został rozwiązany 70 razy
  • Średni wynik to 21 z 22
Odpowiedzi na mapie
Odpowiedzi zakodowano w zielono-czerwonej skali na mapie do tego quizu, zgodnie z poniższymi procentami.
 
Statystyki odpowiedzi
Województwo Miasto Populacja % Poprawnych
Pomorskie Gdańsk 490k
98%
Pomorskie Gdynia 240k
98%
Mazowieckie Warszawa 1,8 mln
98%
Podlaskie Białystok 290k
97%
Kujawsko-Pomorskie Bydgoszcz 320k
97%
Świętokrzyskie Kielce 180k
97%
Małopolskie Kraków 800k
97%
Łódzkie Łódź 650k
97%
Warmińsko-Mazurskie Olsztyn 170k
97%
Wielkopolskie Poznań 540k
97%
Zachodnio-pomorskie Szczecin 390k
97%
Śląskie Gliwice 170k
95%
Kujawsko-pomorskie Toruń 195k
95%
Dolnośląsie Wrocław 670k
95%
Śląskie Katowice 280k
93%
lubelskie Lublin 330k
93%
Mazowieckie Radom 195k
93%
Podkarpackie Rzeszów 195k
93%
Śląskie Częstochowa 205k
90%
Śląskie Sosnowiec 190k
90%
Śląskie Bielsko-biała 165k
81%
Śląskie Zabrze 155k
79%
Nie znaleziono quizów pasujących do podanych kryteriów
Rozkład punktacji
Procent ludzi z każdym wynikiem
Percentyl według liczby udzielonych odpowiedzi
Twoja historia wyników
Nie rozwiązałeś tego quizu